000 00779nam a22002657a 4500
001 BR9506541
003 BR-BrBNA
005 20230928094550.0
007 ta
008 230509b bl.||||| |||| 00| 0 por d
040 _aBR-BrBNA
_bpor
_cBiblioteca Nacional de Agricultura
041 _a(Por)
072 _aE72
_b0430
090 _ 0430 BR9506541
100 1 _aSilva, J.L. e
110 1 _aUniversidade Rural do Estado de Minas Gerais, Vicosa (Brasil). Centro de Ensino e Extensao
_911282
245 1 _aA integracao vertical na comercializacao do algodao no nordeste
260 3 _aVicosa, MG (Brasil):
_c[nd].
300 _a5 p.
650 _aAlgodao
650 _aComercializacao
650 _aRegiao Nordeste
909 _a202309
_bLucia
_c55
_dLucia Elande
942 _cBK
999 _c51375
_d51375